00325 2200133 4500001002100000005001500021035002000036245005700056100002400113300001200137260002000149082001000169990001200179INLIS00000000000228520250527031512 a0010-05250005771 aMatematika SMU Kelas 2 Cawu 3 /cSartomo Wirodikromo0 aSartomo Wirodikromo a141 hlm bErlangga,c2000 a025.5 a0712732